[Event "Laval op"]
[Site "Laval CAN"]
[Date "2019.06.23"]
[Round "5.12"]
[White "Abdelaal, Ibrahim"]
[Black "Deschamps, Martin"]
[Result "1/2-1/2"]
[WhiteElo "1903"]
[BlackElo "1633"]
[PlyCount "52"]
[EventDate "2019.06.21"]
[EventType "swiss"]
[EventRounds "5"]
[EventCountry "CAN"]

1. e4 Nf6 2. e5 Nd5 3. c4 Nb6 4. c5 Nd5 5. Nc3 e6 6. Nxd5 exd5 7. d4 d6 8. cxd6
cxd6 9. Nf3 Nc6 10. Be2 dxe5 11. dxe5 Bb4+ 12. Bd2 Bxd2+ 13. Qxd2 O-O 14. O-O
Re8 15. Rfd1 Nxe5 16. Qxd5 Qxd5 17. Rxd5 Nxf3+ 18. Bxf3 Rb8 19. a3 b6 20. Rad1
Be6 21. R5d3 Kf8 22. h3 Ke7 23. Bd5 Red8 24. Bxe6 Rxd3 25. Rxd3 Kxe6 26. Re3+
Kd7 1/2-1/2

[Event "Laval op"]
[Site "Laval CAN"]
[Date "2019.06.23"]
[Round "5.13"]
[White "Steinberg, Ellis"]
[Black "Guipi Bopala, Prince Eric jr"]
[Result "1/2-1/2"]
[WhiteElo "1745"]
[BlackElo "1619"]
[PlyCount "50"]
[EventDate "2019.06.21"]
[EventType "swiss"]
[EventRounds "5"]
[EventCountry "CAN"]

1. e4 e5 2. Nf3 Nc6 3. Bb5 a6 4. Ba4 Nf6 5. O-O Be7 6. Re1 b5 7. Bb3 O-O 8. h3
d6 9. c3 Na5 10. Bc2 c5 11. d4 Qc7 12. Nbd2 Rd8 13. Nf1 h6 14. Ng3 Bf8 15. d5
g6 16. Be3 Bg7 17. Qd2 Nc4 18. Qc1 Nxe3 19. Qxe3 Bd7 20. Nh2 Rf8 21. Bd1 Rae8
22. a4 Kh7 23. axb5 axb5 24. Bg4 Nxg4 25. hxg4 Ra8 1/2-1/2

[Event "Laval op"]
[Site "Laval CAN"]
[Date "2019.06.23"]
[Round "5.14"]
[White "Brassard, Sylvain"]
[Black "Yan, Alex Jikai"]
[Result "0-1"]
[WhiteElo "2018"]
[BlackElo "1417"]
[PlyCount "26"]
[EventDate "2019.06.21"]
[EventType "swiss"]
[EventRounds "5"]
[EventCountry "CAN"]

1. d4 d5 2. Bf4 Nf6 3. e3 e6 4. Bd3 Bd7 5. Nf3 c5 6. c4 Nc6 7. cxd5 Nxd5 8. Bg3
cxd4 9. exd4 Qb6 10. Nc3 Be7 11. Qe2 O-O 12. Ne5 Nxe5 13. Nxd5 Nxd3+ 0-1

[Event "Laval op"]
[Site "Laval CAN"]
[Date "2019.06.23"]
[Round "5.15"]
[White "Page, Dany"]
[Black "Lesage, Philippe"]
[Result "1/2-1/2"]
[WhiteElo "1537"]
[BlackElo "1775"]
[PlyCount "54"]
[EventDate "2019.06.21"]
[EventType "swiss"]
[EventRounds "5"]
[EventCountry "CAN"]

1. e4 c5 2. Nf3 g6 3. d4 cxd4 4. Nxd4 Nc6 5. Nc3 Bg7 6. Be3 Nf6 7. Bc4 Qa5 8.
Nb3 Qb4 9. Bd3 Nxe4 10. Bxe4 Bxc3+ 11. bxc3 Qxe4 12. O-O O-O 13. Re1 Qc4 14.
Qd2 d6 15. Bh6 Rd8 16. f3 Bf5 17. g4 Ne5 18. Kg2 Be6 19. Rad1 Rdc8 20. Re3 Qc7
21. Qe1 b5 22. Nd4 Bxa2 23. Nxb5 Qb7 24. Nd4 Bd5 25. Kg3 e6 26. Rxe5 dxe5 27.
Qxe5 Qc7 1/2-1/2

[Event "Laval op"]
[Site "Laval CAN"]
[Date "2019.06.23"]
[Round "5.16"]
[White "Baran, Marius"]
[Black "Lafleche, Alain"]
[Result "1-0"]
[WhiteElo "1648"]
[BlackElo "1483"]
[PlyCount "83"]
[EventDate "2019.06.21"]
[EventType "swiss"]
[EventRounds "5"]
[EventCountry "CAN"]

1. e4 e5 2. Nf3 Nc6 3. d4 exd4 4. Bc4 Be7 5. c3 d6 6. Qb3 Ne5 7. Nxe5 dxe5 8.
Bxf7+ Kf8 9. O-O Qd6 10. Bc4 Qb6 11. Qd1 Nf6 12. Kh1 Be6 13. Bxe6 Qxe6 14. cxd4
exd4 15. Re1 Rd8 16. f3 c5 17. b3 b5 18. Nd2 c4 19. bxc4 bxc4 20. Qa4 c3 21.
Nb3 d3 22. Be3 a6 23. Nd4 Qd7 24. Qb3 Bd6 25. Ne6+ Ke7 26. Nxd8 Rxd8 27. Qxc3
Qb5 28. Rab1 Qh5 29. h3 Qh4 30. Red1 Qg3 31. Bg1 Qh4 32. Rb7+ Kf8 33. Qc4 Qh5
34. Rxd3 Ne8 35. Rd5 Qg6 36. e5 Qe6 37. Qb3 Be7 38. Rxd8 Qc6 39. Rxe8+ Qxe8 40.
Rb8 Bd8 41. Bb6 Ke7 42. Bxd8+ 1-0

[Event "Laval op"]
[Site "Laval CAN"]
[Date "2019.06.23"]
[Round "5.17"]
[White "Han, Johnathan"]
[Black "Gaumont, Xavier"]
[Result "1-0"]
[WhiteElo "1585"]
[BlackElo "1278"]
[PlyCount "111"]
[EventDate "2019.06.21"]
[EventType "swiss"]
[EventRounds "5"]
[EventCountry "CAN"]

1. Nf3 d5 2. d4 Nc6 3. c4 e6 4. Nc3 Nf6 5. Bf4 Bb4 6. e3 Ne4 7. Qc2 O-O 8. Bd3
f5 9. O-O Be7 10. cxd5 exd5 11. h3 a6 12. a3 g5 13. Bh2 h5 14. Ne5 Nxe5 15.
Bxe5 Bf6 16. Bxc7 Qxc7 17. Nxe4 Qxc2 18. Nxf6+ Rxf6 19. Bxc2 Bd7 20. Rac1 b5
21. Bb3 Rd6 22. Rc5 Be6 23. Rfc1 Rad8 24. Kf1 Kf7 25. Ke2 Kf6 26. Rc6 Ke7 27.
R1c5 g4 28. h4 Rf8 29. g3 Rb8 30. Kd2 Ra8 31. Kc3 Rxc6 32. Rxc6 Kd7 33. Rc5 Rc8
34. Rxc8 Kxc8 35. Kb4 Kc7 36. Kc5 Kb7 37. Bxd5+ Bxd5 38. Kxd5 Kb6 39. Ke6 a5
40. d5 Kc5 41. d6 b4 42. d7 bxa3 43. bxa3 a4 44. d8=Q Kc4 45. Qd4+ Kb3 46. Qb4+
Kc2 47. Kxf5 Kd3 48. Ke5 Ke2 49. Qb2+ Kf1 50. Kf5 Kg2 51. Kf4 Kf1 52. f3 Ke1
53. fxg4 hxg4 54. Kxg4 Kd1 55. Kf3 Ke1 56. Qe2# 1-0

[Event "Laval op"]
[Site "Laval CAN"]
[Date "2019.06.23"]
[Round "5.19"]
[White "Yang, Kun"]
[Black "Bilodeau-Savaria, Sandy-Rose"]
[Result "0-1"]
[WhiteElo "1559"]
[BlackElo "1425"]
[PlyCount "78"]
[EventDate "2019.06.21"]
[EventType "swiss"]
[EventRounds "5"]
[EventCountry "CAN"]

1. c4 c5 2. Nc3 Nf6 3. g3 e6 4. Bg2 d5 5. cxd5 exd5 6. e3 g6 7. Nge2 Bg7 8. O-O
O-O 9. d4 c4 10. Nf4 Be6 11. Nxe6 fxe6 12. Rb1 Nc6 13. b3 cxb3 14. Rxb3 Na5 15.
Rb2 a6 16. Bd2 b5 17. e4 Nc4 18. Rb3 dxe4 19. Nxe4 Nxe4 20. Bxe4 Qxd4 21. Bd3
Nxd2 22. Qxd2 Rac8 23. Rfb1 Rc3 24. Rd1 Rd8 25. Qe2 Rxd3 26. Qxe6+ Kh8 27. Rf1
Qd6 28. Qe4 a5 29. Rbb1 b4 30. Rfc1 Rd4 31. Qc2 Rd2 32. Qa4 Qd5 33. Rc2 Rxc2
34. Qxc2 Qd3 35. Qa4 Qxb1+ 36. Qd1 Rxd1+ 37. Kg2 Qe4+ 38. Kh3 Rd5 39. a4 Rh5#
0-1

[Event "Laval op U1200"]
[Site "Laval CAN"]
[Date "2019.06.21"]
[Round "1.59"]
[White "Banh, Kaiden"]
[Black "Berube, Maximilien"]
[Result "0-1"]
[WhiteElo "941"]
[BlackElo "1188"]
[PlyCount "127"]
[EventDate "2019.06.21"]
[EventType "swiss"]
[EventRounds "5"]
[EventCountry "CAN"]

1. e4 c6 2. Nf3 d5 3. exd5 cxd5 4. d4 Nf6 5. Bb5+ Nc6 6. Nc3 Bg4 7. Be2 e6 8.
O-O Bb4 9. Ne5 Bxe2 10. Nxe2 Nxe5 11. dxe5 Ne4 12. c3 Be7 13. Be3 Nc5 14. b4
Nd7 15. Bf4 O-O 16. Qd3 Rc8 17. Qg3 g6 18. Rac1 Re8 19. Qd3 Nb6 20. Nd4 Nc4 21.
Rc2 a6 22. Nb3 Qc7 23. Nd2 Nxe5 24. Bxe5 Qxe5 25. f4 Qc7 26. g3 Bxb4 27. Rfc1
Bc5+ 28. Kh1 Ba3 29. Rb1 d4 30. Rb3 Bd6 31. Ne4 Qc6 32. Kg1 Bc5 33. Nf6+ Kg7
34. Nxe8+ Rxe8 35. cxd4 Rd8 36. Rxc5 Qd6 37. Rxb7 Qxc5 38. dxc5 Rxd3 39. Rb3
Rd8 40. Kg2 Rc8 41. Rc3 Kf6 42. Kf3 Ke7 43. Ke4 f6 44. g4 Kd7 45. f5 exf5+ 46.
gxf5 g5 47. Kf3 h5 48. Kg3 Kc6 49. h4 g4 50. Kf4 Rc7 51. Ke4 Re7+ 52. Kd4 Re5
53. Re3 Rxe3 54. Kxe3 Kxc5 55. Kf4 Kb4 56. Ke4 Ka3 57. Kd5 g3 58. Ke6 g2 59.
Kxf6 g1=Q 60. Ke7 Qg7+ 61. Ke6 Qf8 62. f6 a5 63. f7 a4 64. Kf6 0-1

[Event "Laval op U1200"]
[Site "Laval CAN"]
[Date "2019.06.22"]
[Round "3.59"]
[White "Luo, Andrew"]
[Black "Berube, Maximilien"]
[Result "0-1"]
[WhiteElo "1086"]
[BlackElo "1188"]
[PlyCount "146"]
[EventDate "2019.06.21"]
[EventType "swiss"]
[EventRounds "5"]
[EventCountry "CAN"]

1. e4 c6 2. d4 d5 3. Nc3 dxe4 4. Nxe4 Nf6 5. Nc3 Bf5 6. Nf3 e6 7. Bd3 Bxd3 8.
Qxd3 Nbd7 9. O-O Bb4 10. Bd2 O-O 11. a3 Bd6 12. Ne4 Nxe4 13. Qxe4 Nf6 14. Qh4
Nd5 15. Qxd8 Raxd8 16. c4 Nf4 17. c5 Bc7 18. Bxf4 Bxf4 19. b4 Rfe8 20. a4 Rd5
21. Rfd1 Red8 22. Re1 Bg5 23. b5 Bf6 24. bxc6 bxc6 25. Ne5 Bxe5 26. Rxe5 Rxd4
27. a5 Rd1+ 28. Re1 Rxe1+ 29. Rxe1 Rd5 30. Rb1 g6 31. h3 Rxc5 32. a6 Ra5 33.
Rb7 Rxa6 34. g4 Kg7 35. Kg2 Kf6 36. f4 h6 37. h4 c5 38. Rc7 Ra5 39. Kf3 Ra3+
40. Ke4 Ra4+ 41. Kf3 c4 42. g5+ hxg5 43. hxg5+ Kg7 44. Ke4 c3+ 45. Ke3 Ra3 46.
Kd4 a5 47. Rxc3 Rxc3 48. Kxc3 Kf8 49. Kc4 Ke7 50. Kc5 f6 51. Kb5 fxg5 52. fxg5
Kd6 53. Kxa5 Ke5 54. Kb4 Kf4 55. Kc4 Kxg5 56. Kd4 Kf4 57. Kd3 Kf3 58. Kd2 Kf2
59. Kd3 g5 60. Kd2 g4 61. Kd3 g3 62. Kd2 g2 63. Kd3 g1=Q 64. Kd2 Qe1+ 65. Kc2
Ke3 66. Kb3 Ke2 67. Kb2 Kd2 68. Kb3 Qc1 69. Ka2 Kd3 70. Kb3 Qc3+ 71. Ka2 Qb4
72. Ka1 Kc2 73. Ka2 Qb2# 0-1

[Event "Laval op U1200"]
[Site "Laval CAN"]
[Date "2019.06.23"]
[Round "4.59"]
[White "Berube, Maximilien"]
[Black "Fortin, Anne-Esmee"]
[Result "0-1"]
[WhiteElo "1188"]
[BlackElo "1146"]
[PlyCount "100"]
[EventDate "2019.06.21"]
[EventType "swiss"]
[EventRounds "5"]
[EventCountry "CAN"]

1. e4 e5 2. Nf3 Nc6 3. Bc4 Bc5 4. c3 Nf6 5. d4 exd4 6. cxd4 Bb4+ 7. Nc3 d5 8.
exd5 Nxd5 9. Qc2 Nxc3 10. bxc3 Nxd4 11. Nxd4 Qxd4 12. cxb4 Qxa1 13. O-O Qf6 14.
Re1+ Be6 15. Qb3 O-O-O 16. Bb2 Bxc4 17. Bxf6 Bxb3 18. Bxd8 Rxd8 19. axb3 Rd4
20. g3 Rxb4 21. Re7 Rxb3 22. Rxf7 a5 23. Kg2 a4 24. Re7 a3 25. Re1 a2 26. Ra1
Ra3 27. Kf1 b5 28. Ke1 b4 29. Kd1 c5 30. f4 Kc7 31. Kc1 c4 32. Kc2 Rf3 33. Kc1
Rf1+ 34. Kb2 Rxa1 35. Kxa1 b3 36. g4 Kd6 37. h4 Kd5 38. f5 Ke5 39. h5 Kf6 40.
Kb2 g6 41. fxg6 hxg6 42. h6 Kf7 43. g5 c3+ 44. Ka1 c2 45. Kb2 a1=Q+ 46. Kxb3
c1=R 47. h7 Qc3+ 48. Ka4 Ra1+ 49. Kb5 Rb1+ 50. Ka4 Qb4# 0-1

[Event "Laval op U1200"]
[Site "Laval CAN"]
[Date "2019.06.23"]
[Round "5.59"]
[White "Fortin, Anne-Esmee"]
[Black "Pigot, Mikael"]
[Result "1-0"]
[WhiteElo "1146"]
[BlackElo "1188"]
[PlyCount "111"]
[EventDate "2019.06.21"]
[EventType "swiss"]
[EventRounds "5"]
[EventCountry "CAN"]

1. e4 c5 2. c3 d6 3. d4 cxd4 4. cxd4 g6 5. Nf3 Bg7 6. Nc3 Nc6 7. Bc4 h6 8. O-O
Na5 9. Qa4+ Bd7 10. Bb5 Nc6 11. d5 Ne5 12. Nxe5 Bxe5 13. Bxd7+ Qxd7 14. Qxd7+
Kxd7 15. Be3 Bxc3 16. bxc3 Nf6 17. f3 a6 18. Rab1 b5 19. Rfc1 Rac8 20. Rb3 g5
21. Rcb1 Rc7 22. a4 Rb8 23. axb5 axb5 24. Bd4 Rcb7 25. c4 b4 26. Bc3 bxc3 27.
Rxb7+ Rxb7 28. Rxb7+ Kc8 29. Rb3 c2 30. Rc3 Nd7 31. Rxc2 Nc5 32. g3 e6 33. h4
e5 34. hxg5 hxg5 35. Rh2 Kd7 36. Rh7 Ke8 37. Rh8+ Ke7 38. Rc8 Kd7 39. Rxc5 dxc5
40. Kf2 f6 41. Ke3 Kd6 42. f4 g4 43. fxe5+ Kxe5 44. Kd3 Kd6 45. Kc3 Kc7 46. Kb3
Kb6 47. Ka4 Kc7 48. Kb5 Kd6 49. Kb6 Ke5 50. Kxc5 Kxe4 51. d6 Kf3 52. d7 Kxg3
53. d8=Q f5 54. Qd3+ Kh2 55. Qxf5 g3 56. Qg4 1-0

[Event "Laval op U1500"]
[Site "Laval CAN"]
[Date "2019.06.22"]
[Round "2.43"]
[White "Duval, Mathieu"]
[Black "Dufresne, Christophe"]
[Result "1/2-1/2"]
[WhiteElo "1300"]
[BlackElo "1442"]
[PlyCount "108"]
[EventDate "2019.06.21"]
[EventType "swiss"]
[EventRounds "5"]
[EventCountry "CAN"]

1. c4 e5 2. Nc3 Nf6 3. g3 Nc6 4. Bg2 Bc5 5. d3 d6 6. Nf3 a6 7. a3 Be6 8. Bg5 h6
9. Bxf6 Qxf6 10. Ne4 Qe7 11. Nxc5 dxc5 12. Nd2 Bd7 13. O-O O-O 14. Ne4 f5 15.
Nc3 f4 16. Nd5 Qd6 17. Nc3 Rab8 18. Bd5+ Kh8 19. Ne4 Qe7 20. Rc1 Nd4 21. Nc3 c6
22. Bg2 Bg4 23. h3 Be6 24. g4 Bd7 25. e3 fxe3 26. fxe3 Ne6 27. Rxf8+ Rxf8 28.
Qe2 Qg5 29. Rf1 Rxf1+ 30. Bxf1 Qe7 31. Bg2 b5 32. Qc2 Qg5 33. Qf2 Qe7 34. Be4
Ng5 35. Bg2 Kg8 36. Ne4 Nxe4 37. Bxe4 Qf7 38. Bh7+ Kf8 39. Bf5 Bxf5 40. Qxf5
Qxf5 41. gxf5 bxc4 42. dxc4 Kf7 43. Kf2 Kf6 44. e4 a5 45. Kf3 a4 46. Kg4 g6 47.
fxg6 Kxg6 48. h4 h5+ 49. Kf3 Kf6 50. Ke3 Ke6 51. Kd3 Kd6 52. Kc3 Kc7 53. Kd3
Kb6 54. Kc3 Ka6 1/2-1/2

[Event "Laval op U1500"]
[Site "Laval CAN"]
[Date "2019.06.23"]
[Round "4.43"]
[White "Galeb, Nathan"]
[Black "Dimov, Petre"]
[Result "1-0"]
[WhiteElo "1216"]
[BlackElo "1336"]
[PlyCount "55"]
[EventDate "2019.06.21"]
[EventType "swiss"]
[EventRounds "5"]
[EventCountry "CAN"]

1. b3 d5 2. Bb2 f6 3. f4 Bg4 4. h3 Bh5 5. g4 Bg6 6. Nf3 e6 7. e3 c5 8. Bb5+ Nd7
9. Qe2 Bd6 10. d4 Ne7 11. Nbd2 h5 12. O-O-O Qc7 13. e4 Bxf4 14. exd5 cxd4 15.
Bxd7+ Kxd7 16. Qxe6+ Kd8 17. Nxd4 Rc8 18. c4 Qa5 19. d6 Nd5 20. Rhe1 Re8 21. d7
Rxc4+ 22. bxc4 Rxe6 23. Nxe6+ Kxd7 24. Nxf4 Bh7 25. Nb3 Qxa2 26. Rxd5+ Kc8 27.
Re8+ Kc7 28. Ne6+ 1-0

[Event "Laval op U1800"]
[Site "Laval CAN"]
[Date "2019.06.21"]
[Round "1.20"]
[White "Wang, Isabelle"]
[Black "Robillard, Jean-Philippe"]
[Result "1-0"]
[WhiteElo "1597"]
[BlackElo "1784"]
[PlyCount "63"]
[EventDate "2019.06.21"]
[EventType "swiss"]
[EventRounds "5"]
[EventCountry "CAN"]

1. e4 e6 2. d4 d5 3. exd5 exd5 4. Bd3 Nf6 5. Bf4 Be7 6. Nf3 Bg4 7. O-O O-O 8.
Nbd2 Re8 9. c3 Nbd7 10. Qb3 b6 11. Rae1 Nf8 12. Ne5 Bd7 13. Ndf3 c6 14. Bb1 Ne6
15. Bd2 c5 16. Ng5 Nxg5 17. Bxg5 c4 18. Qd1 h6 19. Bxf6 Bxf6 20. Qh5 Be6 21.
Re3 Rc8 22. f4 Rf8 23. Rg3 Re8 24. Qxh6 Kf8 25. Qh5 Ke7 26. f5 Bxe5 27. dxe5
Bd7 28. Rxg7 Rf8 29. f6+ Ke8 30. Rxf7 Rxf7 31. Qh8+ Rf8 32. Bg6# 1-0

[Event "Laval op U1800"]
[Site "Laval CAN"]
[Date "2019.06.22"]
[Round "2.20"]
[White "Jiang, Barron Jiyu"]
[Black "Cloutier, Eric"]
[Result "0-1"]
[WhiteElo "1546"]
[BlackElo "1738"]
[PlyCount "126"]
[EventDate "2019.06.21"]
[EventType "swiss"]
[EventRounds "5"]
[EventCountry "CAN"]

1. e4 c6 2. d4 d5 3. exd5 cxd5 4. Bd3 Nc6 5. Nf3 Bg4 6. c3 Nf6 7. Bf4 e6 8.
Nbd2 Bd6 9. Bxd6 Qxd6 10. O-O O-O 11. Re1 Rac8 12. Qb1 Bxf3 13. Nxf3 h6 14. Ne5
Nd7 15. Nxc6 bxc6 16. Qd1 c5 17. dxc5 Qxc5 18. Rc1 Qb6 19. b3 Rc7 20. c4 Rfc8
21. Qd2 Nf6 22. cxd5 Nxd5 23. Rxc7 Qxc7 24. Bc4 Nf6 25. Rd1 Ng4 26. Qd6 Ne5 27.
Be2 Qxd6 28. Rxd6 Rc2 29. Kf1 Rxa2 30. Ra6 Rxa6 31. Bxa6 Kf8 32. Ke2 Ke7 33. f4
Nc6 34. Ke3 Kd6 35. Bc4 f6 36. Kd3 e5 37. g3 exf4 38. gxf4 g5 39. fxg5 Ne5+ 40.
Kd4 Nxc4 41. Kxc4 fxg5 42. Kb5 Kc7 43. Kc5 g4 44. Kd5 Kb6 45. Ke5 Kb5 46. Kf4
Kb4 47. Kxg4 Kxb3 48. Kh5 a5 49. Kxh6 a4 50. Kg6 a3 51. h4 a2 52. h5 a1=Q 53.
h6 Qh8 54. h7 Kc4 55. Kh6 Kd5 56. Kg6 Ke6 57. Kg5 Qg7+ 58. Kf4 Qxh7 59. Ke3 Qh4
60. Kf3 Ke5 61. Kg2 Ke4 62. Kg1 Kf3 63. Kf1 Qf2# 0-1

[Event "Laval op U1800"]
[Site "Laval CAN"]
[Date "2019.06.22"]
[Round "3.20"]
[White "Cloutier, Eric"]
[Black "Wang, Isabelle"]
[Result "1/2-1/2"]
[WhiteElo "1738"]
[BlackElo "1597"]
[PlyCount "91"]
[EventDate "2019.06.21"]
[EventType "swiss"]
[EventRounds "5"]
[EventCountry "CAN"]

1. e4 e5 2. Nf3 Nc6 3. d4 exd4 4. Nxd4 Nf6 5. Nxc6 bxc6 6. e5 Qe7 7. Qe2 Nd5 8.
c4 Ba6 9. b3 g6 10. g3 Bg7 11. Bb2 O-O 12. Bg2 f6 13. O-O fxe5 14. Qe4 Nb6 15.
Ba3 c5 16. Nd2 d6 17. Qe3 Rab8 18. Bb2 Bb7 19. Bxb7 Rxb7 20. f4 Nd7 21. Rae1
Rbb8 22. Nf3 Rbe8 23. Qe4 Qd8 24. Qd5+ Kh8 25. fxe5 Nxe5 26. Nxe5 Rxf1+ 27.
Rxf1 Bxe5 28. Bc1 Bd4+ 29. Kh1 Rf8 30. Rf7 Rxf7 31. Qxf7 Qa8+ 32. Qd5 Qxd5+ 33.
cxd5 Kg7 34. Bg5 Bf6 35. Bd2 h5 36. Kg2 g5 37. Ba5 Bd8 38. Bc3+ Kg6 39. Kf3 Kf5
40. h3 g4+ 41. hxg4+ hxg4+ 42. Ke3 Bg5+ 43. Kd3 a6 44. a4 Bc1 45. a5 Ba3 46.
Ke3 1/2-1/2

[Event "Laval op U1800"]
[Site "Laval CAN"]
[Date "2019.06.23"]
[Round "4.20"]
[White "Cloutier, Eric"]
[Black "He, Zekai"]
[Result "1-0"]
[WhiteElo "1738"]
[BlackElo "1580"]
[PlyCount "69"]
[EventDate "2019.06.21"]
[EventType "swiss"]
[EventRounds "5"]
[EventCountry "CAN"]

1. e4 c5 2. Nc3 Nc6 3. g3 g6 4. Bg2 Bg7 5. d3 e6 6. Be3 d6 7. Qd2 Nge7 8. Bh6
O-O 9. h4 Ne5 10. Bxg7 Kxg7 11. h5 Rh8 12. h6+ Kf8 13. f4 N5c6 14. Nf3 Rb8 15.
d4 cxd4 16. Nxd4 a6 17. O-O-O d5 18. Nxc6 bxc6 19. Qd4 Rg8 20. Na4 Qa5 21. b3
Qb4 22. Qe5 Rb7 23. Qb2 Bd7 24. Nc3 d4 25. Ne2 c5 26. c3 dxc3 27. Nxc3 Nc6 28.
e5 Qb6 29. Ne4 Rh8 30. Qc3 c4 31. Qxc4 Qe3+ 32. Kb2 Ne7 33. Rhe1 Qb6 34. Nf6
Bb5 35. Bxb7 1-0

[Event "Laval op U1800"]
[Site "Laval CAN"]
[Date "2019.06.23"]
[Round "5.20"]
[White "Letarte-Lavoie, Francis"]
[Black "Gonzalez, Daniel"]
[Result "1-0"]
[WhiteElo "1541"]
[BlackElo "1749"]
[PlyCount "113"]
[EventDate "2019.06.21"]
[EventType "swiss"]
[EventRounds "5"]
[EventCountry "CAN"]

1. e4 c5 2. Nf3 g6 3. c3 Nf6 4. e5 Nd5 5. d4 cxd4 6. cxd4 d6 7. Bb5+ Bd7 8.
Bxd7+ Qxd7 9. O-O Bg7 10. Qb3 Nb6 11. Nc3 d5 12. a4 O-O 13. a5 Nc4 14. Qb5 Qxb5
15. Nxb5 Nc6 16. a6 b6 17. Nd2 N4a5 18. f4 Nb4 19. Ra4 Nac6 20. Nf3 Nd3 21. Ra3
Ndb4 22. Bd2 Rfc8 23. Rc1 Bf8 24. e6 fxe6 25. Ng5 Bg7 26. Nxe6 Bf6 27. Kf1 Kf7
28. Ng5+ Bxg5 29. fxg5 Ke8 30. Ke2 Kd7 31. Ra4 Nxd4+ 32. Nxd4 Rxc1 33. Bxc1 Nc6
34. Nxc6 Kxc6 35. Rh4 Rh8 36. Bf4 Rf8 37. g3 Rf7 38. Kd3 Kc5 39. Be3+ Kb5 40.
Rf4 Rg7 41. Bd4 Rg8 42. Rf7 Re8 43. Be5 Kxa6 44. Rxh7 e6 45. Rg7 Rf8 46. Rxg6
Rf3+ 47. Ke2 Rf5 48. Rxe6 Rxg5 49. h4 Rh5 50. Kf3 Kb5 51. Re7 Kc4 52. Kg4 Rh6
53. Kg5 Rc6 54. Rc7 Rc5 55. Rxc5+ bxc5 56. h5 d4 57. h6 1-0

[Event "Laval op U1800"]
[Site "Laval CAN"]
[Date "2019.06.23"]
[Round "5.21"]
[White "Rabutki, Dimitri"]
[Black "Cloutier, Eric"]
[Result "0-1"]
[WhiteElo "1540"]
[BlackElo "1738"]
[PlyCount "96"]
[EventDate "2019.06.21"]
[EventType "swiss"]
[EventRounds "5"]
[EventCountry "CAN"]

1. e4 c6 2. d4 d5 3. e5 Bf5 4. Bd3 Bxd3 5. Qxd3 e6 6. Ne2 Qa5+ 7. Bd2 Qa6 8.
Qxa6 Nxa6 9. O-O Ne7 10. c3 Nf5 11. b4 Nc7 12. a4 a5 13. Rc1 axb4 14. cxb4 Nb5
15. Bc3 Nxc3 16. Rxc3 Kd7 17. Rb3 Be7 18. Nbc3 f6 19. a5 fxe5 20. dxe5 h5 21.
Na4 Kc7 22. f3 g5 23. Kf2 Rhf8 24. Rab1 Rab8 25. h3 h4 26. Nc5 Bxc5+ 27. bxc5
Rf7 28. Rb4 Rff8 29. Nd4 Nxd4 30. Rxd4 Ra8 31. Rdb4 Ra7 32. Ra1 Rf5 33. f4 gxf4
34. Kf3 Rxe5 35. Rxf4 Rh5 36. Kg4 Rh7 37. Kf3 e5 38. Rf5 e4+ 39. Kf4 Ra8 40. g4
hxg3 41. Kxg3 Rg8+ 42. Kh2 Re7 43. Raf1 Rgg7 44. h4 d4 45. Rg5 e3 46. Re1 d3
47. Rxg7 Rxg7 48. Rxe3 d2 0-1

[Event "Ligue Elite du Dimanche - 1/2 Final"]
[Site "Montreal CAN"]
[Date "2019.11.17"]
[Round "1.2"]
[White "Li, James"]
[Black "Yan, Alex Jikai"]
[Result "1/2-1/2"]
[WhiteElo "2112"]
[BlackElo "1915"]
[PlyCount "56"]
[EventDate "2019.11.17"]
[EventType "team"]
[EventRounds "1"]
[EventCountry "CAN"]
[WhiteTeam "Les Roches Canadiennes"]
[BlackTeam "Allez les Bleus"]

1. e4 c5 2. Nf3 Nc6 3. Nc3 Nf6 4. Bb5 d6 5. O-O e5 6. d3 Be7 7. Nd2 O-O 8. Bxc6
bxc6 9. Nc4 Nd7 10. f4 exf4 11. Bxf4 Nb6 12. Qf3 Be6 13. Ne3 d5 14. Nf5 Bxf5
15. exf5 Bf6 16. Kh1 Bxc3 17. bxc3 Qf6 18. Bd2 c4 19. d4 Nc8 20. g4 h6 21. Qg2
g5 22. h4 Nd6 23. hxg5 hxg5 24. Qh3 Kg7 25. Kg2 Rh8 26. Qf3 Ne4 27. Be3 Rh4 28.
Rh1 Rah8 1/2-1/2

[Event "Ligue Elite du Dimanche - 1/2 Final"]
[Site "Montreal CAN"]
[Date "2019.11.17"]
[Round "1.3"]
[White "Wang, Isabelle"]
[Black "Lafleche, Alain"]
[Result "1-0"]
[WhiteElo "1669"]
[BlackElo "1604"]
[PlyCount "83"]
[EventDate "2019.11.17"]
[EventType "team"]
[EventRounds "1"]
[EventCountry "CAN"]
[WhiteTeam "Allez les Bleus"]
[BlackTeam "Les Roches Canadiennes"]

1. e4 e5 2. Nf3 Nc6 3. Nc3 Nf6 4. d4 exd4 5. Nxd4 Bc5 6. Nxc6 bxc6 7. Bd3 d6 8.
Bg5 Bxf2+ 9. Kxf2 Ng4+ 10. Qxg4 Bxg4 11. Bxd8 Rxd8 12. h3 Be6 13. Rhf1 O-O 14.
Kg1 c5 15. Nd5 c6 16. Ne7+ Kh8 17. Nxc6 Rd7 18. Na5 Rc7 19. Nc4 d5 20. exd5
Bxd5 21. Rae1 f6 22. b3 Bg8 23. Re3 Bd5 24. Rfe1 f5 25. Re8 Rc8 26. Rxc8 Rxc8
27. Bxf5 Rf8 28. Bd3 g6 29. Re7 Rf7 30. Rxf7 Bxf7 31. Ne5 Be6 32. Nc6 Kg7 33.
Nxa7 Kf6 34. Kf2 Ke5 35. Ke3 Bd5 36. g3 Bg2 37. h4 Bh3 38. a4 Bg2 39. Nb5 Bc6
40. Nc3 Be8 41. Ne4 Kd5 42. Nf6+ 1-0

[Event "Ligue Elite du Dimanche - 1/2 Final"]
[Site "Montreal CAN"]
[Date "2019.11.17"]
[Round "1.7"]
[White "Rodrigue-Lemieux, Shawn"]
[Black "Saha, Ananda"]
[Result "1-0"]
[WhiteElo "2387"]
[BlackElo "2192"]
[PlyCount "81"]
[EventDate "2019.11.17"]
[EventType "team"]
[EventRounds "1"]
[EventCountry "CAN"]
[WhiteTeam "Be4"]
[BlackTeam "Desperados"]

1. c4 e6 2. Nc3 d5 3. cxd5 exd5 4. d4 Nf6 5. Bg5 Be7 6. e3 c6 7. Qc2 O-O 8. Nf3
Nbd7 9. Bd3 Re8 10. O-O Nf8 11. Rab1 Ne4 12. Bf4 Nxc3 13. bxc3 Bd6 14. Bxd6
Qxd6 15. c4 g6 16. Rfc1 Re7 17. a4 Ne6 18. a5 Ng7 19. cxd5 cxd5 20. Qa4 Qd8 21.
Rb5 Be6 22. Qb4 Rb8 23. Ne5 Re8 24. h3 f6 25. Nf3 Qe7 26. Qb2 Qf7 27. Nd2 g5
28. e4 Kh8 29. exd5 Bxd5 30. Bc4 Bxc4 31. Nxc4 Red8 32. Ne3 Rd7 33. d5 h5 34.
Rc4 Re8 35. Rbc5 Kh7 36. Rc7 Rxc7 37. Qc2+ Qg6 38. Rxc7 Qxc2 39. Nxc2 b6 40. a6
Rd8 41. Nd4 1-0

[Event "Ligue Elite du Dimanche - 1/2 Final"]
[Site "Montreal CAN"]
[Date "2019.11.17"]
[Round "1.8"]
[White "Steinberg, Ellis"]
[Black "Guipi Bopala, Prince Eric jr"]
[Result "1-0"]
[WhiteElo "2017"]
[BlackElo "1863"]
[PlyCount "171"]
[EventDate "2019.11.17"]
[EventType "team"]
[EventRounds "1"]
[EventCountry "CAN"]
[WhiteTeam "Desperados"]
[BlackTeam "Be4"]

1. e4 e5 2. Nf3 Nc6 3. Bb5 a6 4. Ba4 Nf6 5. O-O Be7 6. Re1 b5 7. Bb3 O-O 8. h3
d6 9. c3 Na5 10. Bc2 c5 11. d4 Qc7 12. Nbd2 Nc6 13. d5 Nd8 14. Nf1 Re8 15. Ng3
h6 16. Be3 Bf8 17. Qd2 Kh7 18. a4 Qb7 19. axb5 axb5 20. Rec1 g6 21. Qe1 Bg7 22.
Rxa8 Qxa8 23. Ra1 Qb7 24. b4 Nd7 25. Ra5 c4 26. Qa1 Nf6 27. Ra7 Qb8 28. Qa5 Bd7
29. Ra8 Qb7 30. Rxd8 Rxd8 31. Qxd8 Qa6 32. Qa5 Qb7 33. Qb6 Qa8 34. Qa7 Qxa7 35.
Bxa7 Bf8 36. Be3 Bg7 37. Kf1 Kg8 38. Ke2 Kf8 39. Nh2 Ke7 40. f3 Kd8 41. Ng4
Nxg4 42. hxg4 f6 43. Kf2 Ke7 44. Nf1 g5 45. Ng3 Kf7 46. Nf5 Bf8 47. Bb6 Bxf5
48. exf5 Ke7 49. g3 Kf7 50. f4 Be7 51. Ke3 exf4+ 52. gxf4 Ke8 53. Ke4 Kd7 54.
fxg5 hxg5 55. Bd1 Kc8 56. Be2 Kb7 57. Be3 Bd8 58. Bd4 Be7 59. Bf1 Bd8 60. Bf2
Ka6 61. Bd4 Kb7 62. Ke3 Ka6 63. Kd2 Kb7 64. Kc2 Ka6 65. Kb2 Kb7 66. Ka3 Ka6 67.
Be2 Kb7 68. Bxc4 bxc4 69. Ka4 Ka6 70. b5+ Kb7 71. Kb4 Be7 72. Kxc4 Bd8 73. Kb4
Be7 74. c4 Bd8 75. Bf2 Bc7 76. Be3 Bd8 77. Bd4 Be7 78. c5 dxc5+ 79. Bxc5 Bd8
80. Kc4 Bc7 81. d6 Bd8 82. Kd5 Kc8 83. Kc6 Ba5 84. Bb6 Bxb6 85. Kxb6 Kd7 86.
Kc5 1-0